LEADER 00974nam a2200253 i 4500 001 991001009809707536 005 20020502182350.0 008 941021s1994 it ||| | ita 020 $a8813189206 035 $ab11450836-39ule_inst 035 $aPRUMB53421$9ExL 040 $aScuola per assistenti sociali$bita 082 0 $a342.45083 100 1 $aD'Orazio, Giustino$0231592 245 10$aCondizione dello straniero e società democratica :$bsulle ragioni dello Stato /$cGiustino D'Orazio 260 $aPadova :$bCEDAM,$c1994 300 $aX, 177 p. ;$c21 cm. 650 4$aStranieri$xDiritto$zItalia 907 $a.b11450836$b02-04-14$c01-07-02 912 $a991001009809707536 945 $aLE024 DIR PB C III 25$g1$i2021000217906$iLE024N-2987$lle021$nex DUSS$o-$pE0.00$q-$rl$s- $t0$u1$v0$w1$x0$y.i11637237$z01-07-02 996 $aCondizione dello straniero e società democratica$9703645 997 $aUNISALENTO 998 $ale021$b01-01-94$cm$da $e-$fita$git $h0$i1 LEADER 01552nam0 22003131i 450 001 UON00296017 005 20231205103942.812 100 $a20070528d1972 |0itac50 ba 101 $afre 102 $aCH 105 $a|||| 1|||| 200 1 $aPrélude au siècle des lumières en France$erépertoire chronologique de 1680 à 1715. 3: 1700-1707$fPierre M. Conlon 210 $aGenève$cLibrairie Droz$d1972 215 $a555 p.$d23 cm. 410 1$1001UON00172967$12001 $aHistoire des Idées et Critique Littéraire$v121 606 $aBIBLIOGRAFIA FRANCESE$xSec. 18.$3UONC064757$2FI 606 $aFrancia$xStoria$xSec. 17.$xBibliografia$3UONC064609$2FI 606 $aILLUMINISMO$xFrancia$xBibliografia$3UONC059533$2FI 606 $aLetteratura francese$xSec. 17.$xBibliografia$3UONC064599$2FI 620 $aCH$dGenève$3UONL003003 676 $a016.944033$cBibliografie e cataloghi di storia della Francia, 1643-1715$v21 700 1$aConlon$bPierre M.$3UONV114739$00 712 $aLibrairie Droz$3UONV246942$4650 801 $aIT$bSOL$c20260403$gRICA 912 $aUON00296017 950 $aSIBA - SISTEMA BIBLIOTECARIO DI ATENEO E ARCHIVIO STORICO$dSI S.C I B 40 c $eSI SFR6853 7 40 c 950 $aSIBA - SISTEMA BIBLIOTECARIO DI ATENEO E ARCHIVIO STORICO$dSI S.C I B 40 c bis $eSI SFR9009 7 40 c bis 996 $aPrélude au siècle des lumières en France$9148212 997 $aUNIOR